| 000 | 00482nam a2200193 a 4500 | ||
|---|---|---|---|
| 001 | 3418 | ||
| 003 | CO-ViMGA | ||
| 008 | 141112s2004 ck r 000 u spa d | ||
| 040 |
_aCO-ViMGA _bspa _cCO-ViMGA |
||
| 082 | 0 | 4 | _a465 L567g |
| 100 | 1 | _aLlorens Camp, María Jose | |
| 245 | 1 | 0 | _aGramática española |
| 260 |
_aEspaña : _bM.E., _c1995 |
||
| 300 | _a203 p | ||
| 490 | _aManuales | ||
| 650 | 1 | 4 |
_aESPAÑOL - GRAMATICA _96182 |
| 650 | 1 | 4 | _aGRAMATICA ESPAÑOLA |
| 942 |
_2ddc _cBK |
||
| 999 |
_c15466 _d15466 |
||